The Republic of Mexico in 1876

Guardat en:
Dades bibliogràfiques
Autor principal: García Cubas, Antonio (Autor)
Format: Llibre
Idioma:anglès
Publicat: Ciudad de México La Enseñanza Printing Office 1876
Edició:1a. ed
Matèries:
Etiquetes: Afegir etiqueta
Sense etiquetes, Sigues el primer a etiquetar aquest registre!

MARC

LEADER 00000nam a2200000 a 4500
001 UCJ5972
003 CL-VaPUC
008 070124e18760000MX |||||||||||||||||eng|d
082 0 4 |a 972  |b GAR  |2 21 
100 0 |a García Cubas, Antonio  |e author  |9 512018 
245 1 4 |a The Republic of Mexico in 1876 
250 |a 1a. ed 
300 |a 130 p 
942 |c BK 
945 |d 20070124 00:00:00  |a rinostro 
260 |a Ciudad de México  |b La Enseñanza Printing Office  |c 1876 
500 |a Ilustraciones sin indizar 
650 0 |a Historia  |9 255047 
650 0 |a Geografía  |9 259346 
650 0 |a Gobierno   |9 255508 
650 0 |a Recursos naturales  |9 255232 
650 0 |a Aborígenes  |9 329972 
650 0 |a Ilustraciones  |9 369481 
650 0 |a Cultura  |9 269059 
650 0 |a Etnografía   |9 309735 
651 0 |a México  |9 255269 
583 |a last modification  |c 20070124 00:00:00  |k Rodrigo Vera 
999 |c 322080  |d 322078 
952 |0 0  |1 0  |4 0  |6 972_000000000000000_GAR_1876  |7 0  |8 X  |9 400993  |a FDOBUD  |b FDOBUD  |d 2019-11-22  |i 1042149  |o 972 GAR 1876  |p 1042149  |r 2019-11-22  |w 2019-11-22  |y BK_X  |k BUD